| 000 | 00346nam a2200133Ia 4500 | ||
|---|---|---|---|
| 008 | 240624s9999 xx 000 0 und d | ||
| 041 | _aeng | ||
| 082 | _a658.827 IND | ||
| 100 | _aIND NICHOLAS | ||
| 245 | _aBRAND DESIRE HOW TO CREATE CONSUMER INVO | ||
| 260 |
_c2016 _aNew Delhi _bbloomsbury |
||
| 300 | _avii, 183 p.; 23 cm. | ||
| 365 |
_cRS _b30 |
||
| 999 |
_c29775 _d29775 |
||